[Event "Benidorm 2012 - Nuevas Generaciones s12"]
[Site "Benidorm ESP"]
[Date "2012.12.06"]
[Round "3.4"]
[White "Lianes Garcia, Marcos"]
[Black "Lacruz Algarate, Alvaro"]
[Result "1-0"]
[WhiteElo "1719"]
[BlackElo "1575"]
[PlyCount "139"]
[EventDate "2012.12.05"]
[EventType "swiss"]
[EventRounds "7"]
[EventCountry "ESP"]
[Source "lmi"]
[SourceDate "2012.12.05"]

1. d4 d5 2. c4 e6 3. Nc3 Nf6 4. cxd5 exd5 5. Bg5 Be7 6. e3 c6 7. Bd3 O-O 8. Qc2
h6 9. Bxf6 Bxf6 10. Nge2 Re8 11. O-O-O Be6 12. h3 Nd7 13. Nf4 Rc8 14. Kb1 b5
15. Nxe6 Rxe6 16. Bf5 Re7 17. Rc1 Rb8 18. Ne2 Rb6 19. Qd2 Ra6 20. Rc2 Nb6 21.
b3 Qd6 22. Rhc1 Rc7 23. Bd3 Bd8 24. Ng3 Nc8 25. Nf5 Qd7 26. Qe2 Ne7 27. Nxe7+
Qxe7 28. a4 Rb6 29. axb5 cxb5 30. Rxc7 Bxc7 31. Qc2 Qa3 32. Qa2 Qxa2+ 33. Kxa2
Bd6 34. Rc8+ Bf8 35. Kb2 a6 36. Be2 Rd6 37. Bf3 f5 38. Rc5 Kf7 39. Bxd5+ Kf6
40. Bb7 Rb6 41. Rc6+ Rxc6 42. Bxc6 Ke6 43. Kc3 Kd6 44. Bb7 a5 45. Ba6 Kc6 46.
Bc8 g6 47. Be6 Bb4+ 48. Kd3 Bd6 49. Bf7 g5 50. Bg6 f4 51. Be8+ Kb6 52. e4 b4
53. e5 Be7 54. Ke4 Kc7 55. d5 Kd8 56. Bb5 Bc5 57. f3 Ke7 58. d6+ Ke6 59. Bc4+
Kd7 60. Kd5 Bb6 61. e6+ Ke8 62. Bb5+ Kf8 63. e7+ Kg7 64. e8=Q a4 65. Bxa4 g4
66. Qe7+ Kg8 67. Ke6 Bd4 68. Kf5 gxf3 69. Kg6 fxg2 70. Qe8# 1-0

[Event "Benidorm 2012 - Nuevas Generaciones s12"]
[Site "Benidorm ESP"]
[Date "2012.12.06"]
[Round "3.5"]
[White "Munoz Avila, Jose Luis"]
[Black "Zapata Caparros, Sergio"]
[Result "1-0"]
[WhiteElo "1541"]
[BlackElo "1654"]
[PlyCount "83"]
[EventDate "2012.12.05"]
[EventType "swiss"]
[EventRounds "7"]
[EventCountry "ESP"]
[Source "lmi"]
[SourceDate "2012.12.05"]

1. e4 c5 2. Nc3 Nc6 3. Nf3 d6 4. Bc4 Nf6 5. d3 g6 6. Bg5 Bg7 7. a3 O-O 8. O-O
Bg4 9. h3 Bxf3 10. Qxf3 Nd4 11. Qd1 a6 12. Ne2 Nd7 13. Nxd4 cxd4 14. f4 Nc5 15.
f5 Kh8 16. Qf3 f6 17. Bh4 Qe8 18. Qg4 Nd7 19. Bg3 Ne5 20. Bxe5 dxe5 21. Rf3 g5
22. Rg3 h5 23. Qe2 Bh6 24. Rf3 Kg7 25. g4 h4 26. Bd5 Rb8 27. b3 Qc8 28. Qd2 Qc5
29. Rff1 Rfc8 30. Rfc1 Qc3 31. Qxc3 Rxc3 32. Bc4 b5 33. Be6 Rb7 34. b4 Rbc7 35.
Bb3 Kh7 36. a4 bxa4 37. Bxa4 Rb7 38. Rab1 Rbc7 39. Bb3 R7c6 40. Ra1 Rb6 41.
Rcb1 Rxb4 42. Bg8+ 1-0

[Event "Benidorm 2012 - Nuevas Generaciones s12"]
[Site "Benidorm ESP"]
[Date "2012.12.06"]
[Round "3.7"]
[White "Martin Cabrerizo, Francisco Da"]
[Black "Jimenez Lozano, Francisco Javi"]
[Result "0-1"]
[WhiteElo "1496"]
[BlackElo "1642"]
[PlyCount "74"]
[EventDate "2012.12.05"]
[EventType "swiss"]
[EventRounds "7"]
[EventCountry "ESP"]
[Source "lmi"]
[SourceDate "2012.12.05"]

1. e4 e5 2. Bc4 Nf6 3. d3 c6 4. Nf3 d5 5. Bb3 Nbd7 6. Bg5 dxe4 7. dxe4 Be7 8.
Nc3 O-O 9. O-O Qc7 10. Qe2 Nc5 11. h3 b5 12. Nd2 b4 13. Nd1 Rd8 14. c3 a5 15.
Bc2 Ba6 16. Nc4 Rd7 17. Bxf6 Bxf6 18. Nde3 Rad8 19. Rfd1 Bg5 20. Qg4 Bxe3 21.
Nxe3 Bd3 22. cxb4 axb4 23. Bxd3 Nxd3 24. Qe2 Nf4 25. Qc2 Ne6 26. Rxd7 Rxd7 27.
Rd1 Nd4 28. Qc4 Qa5 29. Nc2 Nf3+ 30. gxf3 Rxd1+ 31. Kg2 c5 32. Ne3 Rd4 33. Qb3
g6 34. Nd5 Kg7 35. Kg3 c4 36. Qxb4 Rxd5 37. Qxc4 Rd4 0-1

[Event "Benidorm 2012 - Nuevas Generaciones s12"]
[Site "Benidorm ESP"]
[Date "2012.12.06"]
[Round "3.8"]
[White "Soto Martin, Pablo"]
[Black "Soto Martin, Miguel"]
[Result "1-0"]
[WhiteElo "1698"]
[BlackElo "1510"]
[PlyCount "69"]
[EventDate "2012.12.05"]
[EventType "swiss"]
[EventRounds "7"]
[EventCountry "ESP"]
[Source "lmi"]
[SourceDate "2012.12.05"]

1. e4 e5 2. Nf3 Nc6 3. Bc4 Bc5 4. c3 Nf6 5. d3 d6 6. Bb3 Be6 7. Bc2 O-O 8. Bg5
h6 9. Bh4 a5 10. Nbd2 b5 11. Nf1 b4 12. Ne3 bxc3 13. bxc3 g5 14. Bg3 Qd7 15.
O-O Rab8 16. d4 exd4 17. cxd4 Ba7 18. d5 Bxd5 19. exd5 Nb4 20. Bf5 Qd8 21. a3
Na6 22. Nd4 Nc5 23. Nc6 Qe8 24. Nxa7 Nfe4 25. Nc6 Ra8 26. Nc4 a4 27. Re1 Nc3
28. Qc2 N5e4 29. Bxe4 Nxe4 30. Qxe4 Qxe4 31. Rxe4 f5 32. Re7 f4 33. Rxc7 fxg3
34. hxg3 Rf5 35. Rd1 1-0

[Event "Benidorm 2012 - Nuevas Generaciones s12"]
[Site "Benidorm ESP"]
[Date "2012.12.06"]
[Round "3.9"]
[White "Sanchez Serrano, Emilio"]
[Black "Villacorta Nicolas, David"]
[Result "1-0"]
[WhiteElo "1611"]
[BlackElo "1495"]
[PlyCount "55"]
[EventDate "2012.12.05"]
[EventType "swiss"]
[EventRounds "7"]
[EventCountry "ESP"]
[Source "lmi"]
[SourceDate "2012.12.05"]

1. Nf3 f5 2. d4 Nf6 3. c4 e6 4. Nc3 d5 5. e3 c6 6. Be2 Bd6 7. O-O O-O 8. Bd2
Bd7 9. Rc1 Be8 10. Qb3 Qc8 11. cxd5 Nxd5 12. Nxd5 Bxh2+ 13. Nxh2 exd5 14. Qxd5+
Bf7 15. Qe5 Re8 16. Qg3 Bxa2 17. Bc4+ Bxc4 18. Rxc4 Qe6 19. Rfc1 Nd7 20. b3 Nb6
21. Rb4 Re7 22. Nf3 Nd5 23. Rbc4 Nf6 24. Bb4 Rd7 25. Ne5 Rd5 26. f3 Nd7 27.
Nxd7 Qxd7 28. Rc5 1-0

[Event "Benidorm 2012 - Nuevas Generaciones s12"]
[Site "Benidorm ESP"]
[Date "2012.12.06"]
[Round "3.10"]
[White "Tarraga Navarro, Pablo"]
[Black "Gonzalvez Tamarit, Ivan"]
[Result "0-1"]
[WhiteElo "1502"]
[BlackElo "1590"]
[PlyCount "76"]
[EventDate "2012.12.05"]
[EventType "swiss"]
[EventRounds "7"]
[EventCountry "ESP"]
[Source "lmi"]
[SourceDate "2012.12.05"]

1. e4 c5 2. Nf3 d6 3. d4 cxd4 4. Nxd4 Nf6 5. Nc3 a6 6. Be3 e6 7. f3 b5 8. Qd2
Bb7 9. O-O-O Be7 10. h4 Nc6 11. Nxc6 Bxc6 12. h5 h6 13. g4 Qc7 14. Qf2 Nd7 15.
Ne2 O-O-O 16. Nd4 Kb7 17. Kb1 Rc8 18. Nxc6 Qxc6 19. Bd3 Ne5 20. Bd4 Bf6 21.
Rhg1 Rhd8 22. Qe2 Nxf3 23. Qxf3 Bxd4 24. Qxf7+ Rc7 25. Qxe6 Bxg1 26. Rxg1 Qd7
27. Qxd7 Rdxd7 28. Rf1 Rf7 29. Rf5 Rce7 30. Kc1 Kc6 31. Kd2 Rxf5 32. exf5 Kc5
33. a3 a5 34. c3 b4 35. axb4+ axb4 36. c4 Kd4 37. b3 Re3 38. Bc2 Rg3 0-1

[Event "Benidorm 2012 - Nuevas Generaciones s12"]
[Site "Benidorm ESP"]
[Date "2012.12.07"]
[Round "4.1"]
[White "Perez Garcia, Alejandro"]
[Black "Lianes Garcia, Marcos"]
[Result "1-0"]
[WhiteElo "1927"]
[BlackElo "1719"]
[PlyCount "47"]
[EventDate "2012.12.05"]
[EventType "swiss"]
[EventRounds "7"]
[EventCountry "ESP"]
[Source "lmi"]
[SourceDate "2012.12.05"]

1. c4 g6 2. Nc3 Bg7 3. g3 c6 4. Bg2 e6 5. e4 Ne7 6. Nge2 Na6 7. d4 d6 8. O-O
O-O 9. Be3 f5 10. f3 fxe4 11. fxe4 Rxf1+ 12. Qxf1 e5 13. dxe5 dxe5 14. Rd1 Qc7
15. Bh3 b6 16. Bg5 h6 17. Bxc8 Rxc8 18. Qh3 Re8 19. Rd7 Qc8 20. Qe6+ Kh8 21.
Bf6 Nf5 22. Bxg7+ Nxg7 23. Qf7 Rg8 24. Qxg6 1-0

[Event "Benidorm 2012 - Nuevas Generaciones s12"]
[Site "Benidorm ESP"]
[Date "2012.12.07"]
[Round "4.2"]
[White "Orantes Taboada, Francisco"]
[Black "Munoz Avila, Jose Luis"]
[Result "1-0"]
[WhiteElo "1727"]
[BlackElo "1541"]
[PlyCount "75"]
[EventDate "2012.12.05"]
[EventType "swiss"]
[EventRounds "7"]
[EventCountry "ESP"]
[Source "lmi"]
[SourceDate "2012.12.05"]

1. e4 e5 2. Nf3 Nc6 3. d4 exd4 4. Nxd4 Nf6 5. Nxc6 dxc6 6. Qxd8+ Kxd8 7. Bg5 h6
8. Bxf6+ gxf6 9. Bc4 Be6 10. Bxe6 fxe6 11. Nc3 Ke8 12. O-O Bd6 13. Rad1 Ke7 14.
Rd3 Rad8 15. Rfd1 Rd7 16. b3 Rhd8 17. Ne2 b6 18. Nd4 Kf7 19. Nxc6 Ra8 20. e5
fxe5 21. Nxe5+ Ke7 22. Nxd7 Kxd7 23. Rh3 Rh8 24. c4 Ke7 25. Re3 Rf8 26. g3 Rf6
27. Kg2 Bc5 28. Rf3 Rg6 29. Rfd3 Bd6 30. Kf3 Rg5 31. Ke2 Rc5 32. f4 h5 33. h4
Kf6 34. Kf3 Rf5 35. Ke4 a5 36. a4 Rc5 37. Rxd6 cxd6 38. Rxd6 1-0

[Event "Benidorm 2012 - Nuevas Generaciones s12"]
[Site "Benidorm ESP"]
[Date "2012.12.07"]
[Round "4.3"]
[White "Jimenez Lozano, Francisco Javi"]
[Black "Munoz Pelaez, Manuel"]
[Result "1/2-1/2"]
[WhiteElo "1642"]
[BlackElo "1818"]
[PlyCount "67"]
[EventDate "2012.12.05"]
[EventType "swiss"]
[EventRounds "7"]
[EventCountry "ESP"]
[Source "lmi"]
[SourceDate "2012.12.05"]

1. e4 e5 2. Nf3 Nc6 3. Bc4 Bc5 4. b4 Bxb4 5. c3 Ba5 6. O-O Nf6 7. Qe2 O-O 8. d4
exd4 9. e5 Re8 10. cxd4 d5 11. Bb5 Ne4 12. Bxc6 bxc6 13. Nbd2 Bf5 14. Bb2 Rb8
15. Nb3 Bb4 16. h3 Re6 17. Kh2 Rh6 18. Bc1 Rg6 19. Bf4 a5 20. Bg3 a4 21. Nh4
axb3 22. Nxf5 b2 23. Rab1 Nc3 24. Qxb2 Nxb1 25. Rxb1 Rb6 26. Nh4 Be7 27. Nxg6
Rxb2 28. Nxe7+ Qxe7 29. Rxb2 h6 30. Rb8+ Kh7 31. a4 Qa3 32. Ra8 Qb4 33. f3 Qb7
34. Ra5 1/2-1/2

[Event "Benidorm 2012 - Nuevas Generaciones s12"]
[Site "Benidorm ESP"]
[Date "2012.12.07"]
[Round "4.4"]
[White "Alvarez Albiol, Victor"]
[Black "Soto Martin, Pablo"]
[Result "0-1"]
[WhiteElo "1556"]
[BlackElo "1698"]
[PlyCount "98"]
[EventDate "2012.12.05"]
[EventType "swiss"]
[EventRounds "7"]
[EventCountry "ESP"]
[Source "lmi"]
[SourceDate "2012.12.05"]

1. e4 e5 2. Nf3 Nc6 3. Bb5 Bc5 4. O-O Nge7 5. d3 a6 6. Ba4 d6 7. c3 Ba7 8. Nbd2
O-O 9. Re1 Bg4 10. Nf1 Ng6 11. h3 Be6 12. Ng3 Qd7 13. Ng5 h6 14. Nxe6 fxe6 15.
Be3 Nf4 16. Bxa7 Rxa7 17. Re3 b5 18. Bb3 Qf7 19. Qf1 Raa8 20. Ne2 Qg6 21. Rg3
Qh5 22. Nxf4 exf4 23. Bxe6+ Kh8 24. Rf3 Ne5 25. Bg4 Nxf3+ 26. Bxf3 Qg5 27. Qe2
Rfe8 28. Rd1 d5 29. Qd2 dxe4 30. Bxe4 Rad8 31. Bf3 Rd6 32. d4 Rde6 33. Bg4 R6e7
34. Bf3 Qf5 35. Bg4 Qf7 36. b3 Rd8 37. Bf3 a5 38. Be2 Qf5 39. Bg4 Qg5 40. Bf3
a4 41. b4 Qf5 42. a3 Qf7 43. Qb2 Qc4 44. Bg4 Rde8 45. Kh2 Re1 46. Rxe1 Rxe1 47.
Be2 Qxe2 48. Qxe2 Rxe2 49. Kg1 Rc2 0-1

[Event "Benidorm 2012 - Nuevas Generaciones s12"]
[Site "Benidorm ESP"]
[Date "2012.12.07"]
[Round "4.5"]
[White "Gonzalvez Tamarit, Ruben"]
[Black "Aledo Yanguas, Javier"]
[Result "0-1"]
[WhiteElo "1525"]
[BlackElo "1653"]
[PlyCount "122"]
[EventDate "2012.12.05"]
[EventType "swiss"]
[EventRounds "7"]
[EventCountry "ESP"]
[Source "lmi"]
[SourceDate "2012.12.05"]

1. e4 c6 2. d4 d5 3. Nc3 dxe4 4. Nxe4 Bf5 5. Ng3 Bg6 6. Nf3 Nd7 7. Be3 Ngf6 8.
Bd3 Bxd3 9. Qxd3 e6 10. Qb3 Qc7 11. c4 Bd6 12. Rc1 h6 13. Qc2 g5 14. Ne4 Ke7
15. Nxd6 Qxd6 16. Qb3 b6 17. a3 Qc7 18. d5 c5 19. Rd1 Qd6 20. Qa2 Ng4 21. h3
Nxe3 22. fxe3 Qg3+ 23. Kf1 e5 24. e4 a5 25. Qb3 Kd6 26. Qe3 Nf6 27. Nd4 Qxe3
28. Nf5+ Kd7 29. Nxe3 Nxe4 30. Ke1 Ng3 31. Rg1 f5 32. Nf1 Nxf1 33. Rxf1 f4 34.
Ke2 e4 35. Rde1 Rae8 36. Kd2 Rhf8 37. Kc3 a4 38. Kc2 Kd6 39. Kd2 b5 40. Kc3 e3
41. Re2 Re4 42. cxb5 Kxd5 43. Rd1+ Rd4 44. Rxd4+ cxd4+ 45. Kd3 Rb8 46. Rc2 Rxb5
47. Rc8 Rxb2 48. Rd8+ Ke5 49. Re8+ Kf6 50. Kxd4 Rxg2 51. Ra8 e2 52. Re8 Rg3 53.
Rxe2 Rxh3 54. Ra2 Re3 55. Kc4 f3 56. Kb4 Re4+ 57. Kc3 g4 58. Kd3 Re5 59. Rf2 h5
60. Kd4 Re2 61. Rf1 h4 0-1

[Event "Benidorm 2012 - Nuevas Generaciones s12"]
[Site "Benidorm ESP"]
[Date "2012.12.07"]
[Round "4.6"]
[White "Martin Perez, Pau"]
[Black "Sanchez Serrano, Emilio"]
[Result "1/2-1/2"]
[WhiteElo "1549"]
[BlackElo "1611"]
[PlyCount "56"]
[EventDate "2012.12.05"]
[EventType "swiss"]
[EventRounds "7"]
[EventCountry "ESP"]
[Source "lmi"]
[SourceDate "2012.12.05"]

1. e4 e6 2. d4 d5 3. Nd2 Nf6 4. e5 Nfd7 5. f4 c5 6. c3 Nc6 7. Ndf3 f5 8. Ng5
Nb6 9. Be3 cxd4 10. Bxd4 Be7 11. h4 O-O 12. Bd3 Bd7 13. Be3 h6 14. N5f3 Na5 15.
b3 Rc8 16. Bd4 Nc6 17. Be3 a6 18. g3 Na7 19. Ne2 Bb5 20. Bxb5 Nxb5 21. Rc1 Qc7
22. Nfd4 Nxd4 23. Nxd4 Kf7 24. g4 g6 25. gxf5 exf5 26. h5 g5 27. fxg5 hxg5 28.
Nf3 g4 1/2-1/2

[Event "Benidorm 2012 - Nuevas Generaciones s12"]
[Site "Benidorm ESP"]
[Date "2012.12.07"]
[Round "4.7"]
[White "Cabrera Valverde, Cristina"]
[Black "Jimenez Ramallo, Francisco J"]
[Result "1-0"]
[WhiteElo "1599"]
[BlackElo "1482"]
[PlyCount "65"]
[EventDate "2012.12.05"]
[EventType "swiss"]
[EventRounds "7"]
[EventCountry "ESP"]
[Source "lmi"]
[SourceDate "2012.12.05"]

1. e4 d5 2. exd5 Qxd5 3. Nc3 Qd8 4. Bc4 Nf6 5. d4 c6 6. Nf3 Bf5 7. O-O e6 8.
Re1 Be7 9. h3 O-O 10. Nh4 Bg6 11. Nxg6 hxg6 12. Bf4 Nbd7 13. Qd3 Nb6 14. Bb3
Nfd5 15. Nxd5 Nxd5 16. Bxd5 Qxd5 17. a3 Bf6 18. Rad1 Rfd8 19. c3 Qf5 20. Qxf5
gxf5 21. Be5 Bxe5 22. dxe5 Rd5 23. c4 Rdd8 24. Rd6 Kf8 25. Red1 Ke7 26. Kf1
Rxd6 27. exd6+ Kf6 28. c5 b6 29. b4 e5 30. b5 cxb5 31. c6 Ke6 32. d7 Rd8 33. c7
1-0

[Event "Benidorm 2012 - Nuevas Generaciones s12"]
[Site "Benidorm ESP"]
[Date "2012.12.07"]
[Round "4.8"]
[White "Gonzalvez Tamarit, Ivan"]
[Black "Martinez Sanchez, Jorge"]
[Result "1-0"]
[WhiteElo "1590"]
[BlackElo "1409"]
[PlyCount "35"]
[EventDate "2012.12.05"]
[EventType "swiss"]
[EventRounds "7"]
[EventCountry "ESP"]
[Source "lmi"]
[SourceDate "2012.12.05"]

1. d4 d5 2. c4 c6 3. Nc3 dxc4 4. e3 b5 5. Nxb5 cxb5 6. Qf3 Qc7 7. Qxa8 Nc6 8.
g3 e6 9. Bg2 Nge7 10. Nf3 f6 11. e4 Kf7 12. Bf4 Qd7 13. d5 exd5 14. exd5 Bb7
15. dxc6 Qe6+ 16. Ne5+ fxe5 17. cxb7 exf4+ 18. Kf1 1-0

[Event "Benidorm 2012 - Nuevas Generaciones s12"]
[Site "Benidorm ESP"]
[Date "2012.12.07"]
[Round "4.9"]
[White "Garcia Sancho, Josep"]
[Black "Serra Ujaldon, Pau"]
[Result "1-0"]
[WhiteElo "1663"]
[BlackElo "1463"]
[PlyCount "57"]
[EventDate "2012.12.05"]
[EventType "swiss"]
[EventRounds "7"]
[EventCountry "ESP"]
[Source "lmi"]
[SourceDate "2012.12.05"]

1. d4 d5 2. c4 c6 3. Nf3 Nf6 4. Nc3 a6 5. c5 Bf5 6. Bf4 Nbd7 7. e3 e6 8. Be2
Be7 9. b4 Ne4 10. Nxe4 Bxe4 11. O-O O-O 12. a4 f5 13. Qb3 g5 14. Be5 g4 15. Nd2
Nxe5 16. dxe5 Kf7 17. f3 gxf3 18. gxf3 Rg8+ 19. Kh1 Rg6 20. fxe4 dxe4 21. Nxe4
Rh6 22. Rxf5+ Kg8 23. Rg1+ Kh8 24. Rh5 Rxh5 25. Bxh5 Qd5 26. Qxd5 cxd5 27. Nd6
Bxd6 28. exd6 Rd8 29. Bf7 1-0

[Event "Benidorm 2012 - Nuevas Generaciones s12"]
[Site "Benidorm ESP"]
[Date "2012.12.07"]
[Round "4.13"]
[White "Martinez, Robles Pablo Javier"]
[Black "Martinez Fernandez, Adrian"]
[Result "0-1"]
[WhiteElo "1498"]
[BlackElo "1588"]
[PlyCount "76"]
[EventDate "2012.12.05"]
[EventType "swiss"]
[EventRounds "7"]
[EventCountry "ESP"]
[Source "lmi"]
[SourceDate "2012.12.05"]

1. e4 c5 2. c3 d6 3. d4 Nf6 4. Bd3 Nc6 5. Nf3 Bg4 6. Be3 Qb6 7. Qa4 Bxf3 8.
gxf3 cxd4 9. cxd4 Qxb2 10. d5 Qb4+ 11. Qxb4 Nxb4 12. Bb5+ Nd7 13. Na3 a6 14.
Bxd7+ Kxd7 15. Nc4 Rd8 16. Rb1 Nxa2 17. Bd2 b5 18. Na5 b4 19. Nc6 Ra8 20. Nxb4
Nxb4 21. Bxb4 Rb8 22. O-O e5 23. Ba5 Be7 24. Rfc1 Rxb1 25. Rxb1 Ra8 26. Kg2 Ke8
27. Rb6 Bd8 28. Rxd6 Bxa5 29. Rc6 Bb4 30. Rc1 a5 31. Rd1 Kd7 32. Kg3 a4 33. f4
f6 34. fxe5 fxe5 35. f4 Bc3 36. fxe5 Bxe5+ 37. Kg4 g6 38. d6 a3 0-1

[Event "Benidorm 2012 - Nuevas Generaciones s12"]
[Site "Benidorm ESP"]
[Date "2012.12.07"]
[Round "5.2"]
[White "Soto Martin, Pablo"]
[Black "Jimenez Lozano, Francisco Javi"]
[Result "1-0"]
[WhiteElo "1698"]
[BlackElo "1642"]
[PlyCount "121"]
[EventDate "2012.12.05"]
[EventType "swiss"]
[EventRounds "7"]
[EventCountry "ESP"]
[Source "lmi"]
[SourceDate "2012.12.05"]

1. e4 e5 2. Nf3 Nc6 3. Bc4 Bc5 4. c3 Nf6 5. d3 d6 6. Bb3 O-O 7. Bg5 Bg4 8. Nbd2
h6 9. Bh4 Qe7 10. Nf1 Nd8 11. Ne3 Bxe3 12. fxe3 Ne6 13. O-O g5 14. Bg3 Kg7 15.
h3 Bh5 16. Qe1 Rh8 17. Qf2 Nc5 18. Bc2 Rag8 19. b4 Ncd7 20. Bh2 g4 21. Nh4 Kf8
22. Nf5 Qd8 23. h4 g3 24. Bxg3 Rg6 25. Bh2 Rhg8 26. g3 Bg4 27. Bd1 Bxf5 28.
exf5 Ng4 29. Bxg4 Rxg4 30. Kh1 Nf6 31. e4 Nh5 32. Rg1 d5 33. Qe3 Qf6 34. exd5
Qg7 35. f6 Qxf6 36. Raf1 Qd6 37. c4 e4 38. dxe4 Nxg3+ 39. Bxg3 Rxg3 40. Rxg3
Rxg3 41. Qf4 Qxf4 42. Rxf4 Ra3 43. e5 Ke7 44. Rf6 Rh3+ 45. Kg2 Rxh4 46. c5 Rxb4
47. Rxh6 Rb2+ 48. Kf3 Rxa2 49. Rh7 Ra5 50. e6 Rxc5 51. Rxf7+ Ke8 52. Ke4 a5 53.
Ke5 Rc1 54. Rh7 a4 55. Rh8+ Ke7 56. Rh7+ Kf8 57. e7+ Ke8 58. Ke6 Re1+ 59. Kf6
a3 60. Rh8+ Kd7 61. Rd8# 1-0

[Event "Benidorm 2012 - Nuevas Generaciones s12"]
[Site "Benidorm ESP"]
[Date "2012.12.07"]
[Round "5.3"]
[White "Aledo Yanguas, Javier"]
[Black "Cabrera Valverde, Cristina"]
[Result "1-0"]
[WhiteElo "1653"]
[BlackElo "1599"]
[PlyCount "69"]
[EventDate "2012.12.05"]
[EventType "swiss"]
[EventRounds "7"]
[EventCountry "ESP"]
[Source "lmi"]
[SourceDate "2012.12.05"]

1. e4 Nf6 2. e5 Nd5 3. d4 d6 4. Nf3 Bg4 5. Be2 e6 6. exd6 cxd6 7. Bg5 Be7 8.
Bxe7 Qxe7 9. h3 Bh5 10. c4 Nb6 11. Nbd2 O-O 12. O-O N8d7 13. Qb3 e5 14. dxe5
dxe5 15. Rfe1 Rfe8 16. Rac1 Bg6 17. Qe3 Nc5 18. b4 Ncd7 19. a3 Rac8 20. Qb3 Nf6
21. c5 Nbd5 22. Nh4 Nf4 23. Nxg6 Nxe2+ 24. Rxe2 hxg6 25. Nc4 Red8 26. Rxe5 Qd7
27. Nd6 Rc7 28. Rce1 Rf8 29. Qe3 Qd8 30. Nb5 Rd7 31. Nxa7 Rd3 32. Qc1 Qd7 33.
c6 bxc6 34. Nxc6 Rc8 35. Ne7+ 1-0

[Event "Benidorm 2012 - Nuevas Generaciones s12"]
[Site "Benidorm ESP"]
[Date "2012.12.07"]
[Round "5.4"]
[White "Lianes Garcia, Marcos"]
[Black "Gonzalvez Tamarit, Ivan"]
[Result "1-0"]
[WhiteElo "1719"]
[BlackElo "1590"]
[PlyCount "155"]
[EventDate "2012.12.05"]
[EventType "swiss"]
[EventRounds "7"]
[EventCountry "ESP"]
[Source "lmi"]
[SourceDate "2012.12.05"]

1. d4 d5 2. c4 c6 3. Nc3 Nf6 4. Bg5 a6 5. e3 b5 6. cxd5 cxd5 7. Nf3 Bg4 8. Rc1
Nbd7 9. Be2 e6 10. O-O Bd6 11. h3 Bh5 12. Qb3 O-O 13. Rfd1 Qb6 14. Bxf6 Nxf6
15. a3 Rfc8 16. Na2 e5 17. dxe5 Bxe5 18. g4 Nxg4 19. Nxe5 Nxe5 20. Bxh5 Qh6 21.
Bg4 Nxg4 22. hxg4 Qh3 23. Qxd5 Qxg4+ 24. Qg2 Qe2 25. Rxc8+ Rxc8 26. Qd5 h6 27.
Qd7 Rc2 28. Qd8+ Kh7 29. Qd3+ Qxd3 30. Rxd3 Rxb2 31. Nb4 a5 32. Nc6 a4 33. Na7
b4 34. axb4 Rxb4 35. Ra3 h5 36. Nc6 Re4 37. Nd4 h4 38. Rxa4 Rg4+ 39. Kh2 g5 40.
Ra5 Kg6 41. Rd5 Re4 42. Nf3 f6 43. Rd4 Re8 44. Kh3 f5 45. Kh2 Rh8 46. Rd5 Re8
47. Nd4 Rf8 48. Rd6+ Kh5 49. f3 g4 50. Ne6 g3+ 51. Kh3 Rg8 52. Nf4+ Kg5 53. Ng2
Re8 54. f4+ Kh5 55. Rf6 Re7 56. Rxf5+ Kg6 57. Rg5+ Kf6 58. Kxh4 Rh7+ 59. Kxg3
Re7 60. Kf3 Rh7 61. Ra5 Rh3+ 62. Ke4 Rh2 63. Ra6+ Kf7 64. Ne1 Rh8 65. Nc2 Re8+
66. Kf5 Rc8 67. Ra7+ Ke8 68. Nd4 Rc3 69. e4 Rc4 70. Nf3 Rc3 71. Ng5 Rc5+ 72. e5
Rc1 73. e6 Rf1 74. Nh3 Rh1 75. Kf6 Kd8 76. e7+ Ke8 77. Ra8+ Kd7 78. e8=Q+ 1-0

[Event "Benidorm 2012 - Nuevas Generaciones s12"]
[Site "Benidorm ESP"]
[Date "2012.12.07"]
[Round "5.5"]
[White "Munoz Pelaez, Manuel"]
[Black "Lacruz Algarate, Alvaro"]
[Result "1/2-1/2"]
[WhiteElo "1818"]
[BlackElo "1575"]
[PlyCount "76"]
[EventDate "2012.12.05"]
[EventType "swiss"]
[EventRounds "7"]
[EventCountry "ESP"]
[Source "lmi"]
[SourceDate "2012.12.05"]

1. e4 e6 2. Nc3 d5 3. Nf3 Nf6 4. e5 Nfd7 5. d4 c5 6. dxc5 Nc6 7. Bf4 Nxc5 8.
Be2 Be7 9. O-O O-O 10. Bd3 f6 11. Re1 fxe5 12. Bxe5 Nxe5 13. Nxe5 Qb6 14. Qh5
Nxd3 15. Nxd3 Bd7 16. Nxd5 exd5 17. Qxd5+ Kh8 18. Rxe7 Be8 19. Qe5 Qh6 20. Re1
Bc6 21. Re3 Qf6 22. Qxf6 Rxf6 23. Ne5 h6 24. Nxc6 Rxc6 25. c3 Rb6 26. Re8+ Rxe8
27. Rxe8+ Kh7 28. Re2 Ra6 29. a3 Rb6 30. Kf1 Kg6 31. Ke1 Kf5 32. Kd2 Rxb2+ 33.
Kd3 Rb6 34. Kc2 Kf6 35. Re3 Rb5 36. c4 Rg5 37. g3 Rf5 38. f4 g5 1/2-1/2

[Event "Benidorm 2012 - Nuevas Generaciones s12"]
[Site "Benidorm ESP"]
[Date "2012.12.07"]
[Round "5.6"]
[White "Munoz Avila, Jose Luis"]
[Black "Garcia Sancho, Josep"]
[Result "0-1"]
[WhiteElo "1541"]
[BlackElo "1663"]
[PlyCount "70"]
[EventDate "2012.12.05"]
[EventType "swiss"]
[EventRounds "7"]
[EventCountry "ESP"]
[Source "lmi"]
[SourceDate "2012.12.05"]

1. e4 c5 2. Nf3 Nc6 3. Nc3 g6 4. Bc4 Bg7 5. d3 e6 6. Bf4 d6 7. Qd2 Nge7 8. O-O
O-O 9. Bh6 d5 10. exd5 exd5 11. Bxg7 Kxg7 12. Bb5 Bg4 13. Qf4 Bxf3 14. Qxf3 Nd4
15. Qd1 a6 16. Ba4 b5 17. Bb3 c4 18. dxc4 dxc4 19. Bxc4 bxc4 20. Re1 Ne6 21.
Qg4 Qc7 22. Ne2 Nf5 23. Rad1 Rfd8 24. c3 Rxd1 25. Rxd1 Rd8 26. Ng3 Rxd1+ 27.
Qxd1 Nxg3 28. hxg3 Qd8 29. Qa4 Qc8 30. Qc2 Qd7 31. Kf1 Nc5 32. f3 Qd3+ 33. Qxd3
Nxd3 34. b3 cxb3 35. axb3 Kf6 0-1

[Event "Benidorm 2012 - Nuevas Generaciones s12"]
[Site "Benidorm ESP"]
[Date "2012.12.07"]
[Round "5.7"]
[White "Estefano Rilova, Fernando"]
[Black "Zapata Caparros, Sergio"]
[Result "1/2-1/2"]
[WhiteElo "1518"]
[BlackElo "1654"]
[PlyCount "49"]
[EventDate "2012.12.05"]
[EventType "swiss"]
[EventRounds "7"]
[EventCountry "ESP"]
[Source "lmi"]
[SourceDate "2012.12.05"]

1. e4 c5 2. Nf3 Nc6 3. d4 cxd4 4. Nxd4 Nf6 5. Nc3 e5 6. Nb3 Bb4 7. Bd3 d5 8.
Bd2 Bxc3 9. Bxc3 d4 10. Bd2 O-O 11. O-O Ne8 12. f4 f6 13. Bc4+ Kh8 14. f5 Nd6
15. Bd3 Qe8 16. g4 g5 17. Qe1 h5 18. gxh5 Qxh5 19. Be2 Qh6 20. Bg4 Kg7 21. Kg2
Rh8 22. Rh1 Qh4 23. Qxh4 Rxh4 24. Bf3 Nxe4 25. Be1 1/2-1/2

[Event "Benidorm 2012 - Nuevas Generaciones s12"]
[Site "Benidorm ESP"]
[Date "2012.12.07"]
[Round "5.8"]
[White "Tevar Becerra, Alvaro"]
[Black "Martin Perez, Pau"]
[Result "1/2-1/2"]
[WhiteElo "1614"]
[BlackElo "1549"]
[PlyCount "111"]
[EventDate "2012.12.05"]
[EventType "swiss"]
[EventRounds "7"]
[EventCountry "ESP"]
[Source "lmi"]
[SourceDate "2012.12.05"]

1. e4 e5 2. Nf3 Nc6 3. Bb5 a6 4. Bxc6 dxc6 5. O-O Bd6 6. Re1 Nf6 7. d4 Qe7 8.
h3 h6 9. a3 O-O 10. c4 c5 11. d5 Bd7 12. Nc3 b5 13. b3 b4 14. axb4 cxb4 15. Na4
Bxa4 16. Rxa4 Nd7 17. Be3 Nc5 18. Bxc5 Bxc5 19. Qa1 Qf6 20. Qxe5 Qxe5 21. Nxe5
Rfe8 22. Nc6 a5 23. Rea1 Rxe4 24. Rxa5 Rxa5 25. Rxa5 Re1+ 26. Kh2 Bxf2 27. Nxb4
Bg1+ 28. Kg3 Re3+ 29. Kf4 Rxb3 30. Nc6 Bh2+ 31. Ke4 Rc3 32. c5 Rc2 33. g4 Bg1
34. Ne7+ Kh7 35. d6 cxd6 36. cxd6 Bh2 37. d7 Bc7 38. Ra7 Bd8 39. Nf5 Rd2 40.
Rb7 Bf6 41. Ke3 Bg5+ 42. Kf3 Kg6 43. h4 Bf6 44. h5+ Kh7 45. Ng3 Rd3+ 46. Kg2
Rd2+ 47. Kf1 Rd4 48. Ke2 Rxg4 49. Kf3 Rd4 50. Ne4 Bd8 51. Nc5 Rd5 52. Rb8 Bc7
53. Rc8 Bb6 54. Ke4 Rd6 55. Ke5 Rd1 56. Ke4 1/2-1/2